000 01330cam a22002054a 4500
005 20250605163930.0
008 250528s ||||||||||||||||||||||||d
035 _a14650
020 _a534339247
040 _aGR-AtMCL
_bgre
_dGR-AtMCL
_eAACR2
245 1 _aPersonality / Fourth Edition
250 _a4th
260 _bBrooks/Cole Publishing Company,
_c1997
300 _a590
520 _aThis book does a superb job of presenting the highlights of the theories along with critical evaluations of them. What is Personality, Personality Research Methods, The Psychoanalytic Approach: Freudian Theory and Application and Assessment, The Freudian Approach: Relevant Research, The Psychoanalytical Approach: Neo-Freudian Theory and Application and Assessment, The Neo-Freudian Theories: Relevant Research, The Trail Approach: Theory and Application and Assessment, The Trait Approach: Relevant Research, The Biological Approach: Theory and Application and Assessment, The Biological Approach: Relevant Research, The Humanistic Approach: Theory and Application and Assessment, The Humanistic Approach: Relevant Research, The Behavioral and Social Learning Approach: Relevant Research, The Cognitive Approach, Some Concluding Observations.
700 1 _aBurger Jerry M
_9383
942 _cBK
999 _c274
_d274